00911nam a2200193Ia 4500008004100000020001500041050001700056100002600073245012200099260003400221300001800255490005100273500005900324505020900383650003800592700002600630700003000656700003100686120626s1956 sp 000 0 spa d a8449304601 aHQ796bG4718 aGesell, Arnoldeautor13aEl adolescente de 10 a 16 añosc / Arnold Gesell, Frances L. llg, Louise Bates Ames; traducción de Eduardo Loedel3 aEspañab : Paidósc, 1956 a540 páginas aPsicología, Psiquiatría, Psicoterapiav174 aTitulo Original: Youth. The years from ten to sixteen aPerfiles y rasgos Sistema de acción total Cuidado personal y rutinas Emociones El yo en crecimiento Relaciones interpersonales Actividades e intereses Vida escolar Sentido ético Visión filosófica  aADOLECENCIA, NIÑO Y CRECIMIENTO aFrances L. Ilgeautor aBates Ames, Louiseeautor aLoedel, Eduardoetraductor